000 01385cam a2200337 a 4500
001 C01391850c-0
003 OSt
005 20250414160846.0
008 140327t2001 ck gr 000 f spa d
020 _a9588089239
040 _aCO-BoBLA
_cCO-JMCR
041 1 _aspa
_heng
082 0 4 _aA-N
_bFLAm
100 1 _aFlaubert, Gustave,
_eautor
_9550
245 1 0 _aMadame Bovary /
_cGustave Flaubert ; traducción de Consuelo Berges
260 _aBogotá :
_bEl Tiempo,
_c©2001
300 _a317 páginas ;
_c21 cm.
490 0 _aBiblioteca El Tiempo ;
_v6
500 _aIncluye datos biográficos del autor.
500 _aTítulo original: Madame Bovary
500 _aIncluye notas a pie de página.
520 _aLa poética historia de una mujer de provincia, joven, bonita, coqueta y soñadora que se aburre mortalmente en su matrimonio y termina suicidándose acosada por las deudas contraídas para satisfacer sus caprichos y los de sus amantes, sirvió a Gustave Flaubert para escribir Madame Bovary, una de las novelas más importantes del siglo XIX
546 _aTraducido del inglés
650 1 4 _aNovela francesa
_928
650 1 4 _aNovela amorosa
_9184
650 1 4 _aMujeres
_xnovela
_9551
650 1 4 _aDiscriminación sexual contra la mujer
_xnovela
_9552
700 1 _aBorges, Consuelo,
_etraductora
_9553
942 _2ddc
_cBK
949 _an
_bn
999 _c6512
_d6512